000 01418cam a2200349 a 4500
999 _c129
_d129
001 15336922
003 OSt
005 20190726142458.0
008 080619r20082007nyub c 000 1 eng
010 _a 2008274432
020 _a9781416953722 (pbk.)
020 _a1416953728 (pbk.)
040 _aDLC
_cDLC
042 _alcac
082 0 0 _aFIC LEW
_222
100 1 _aLewis, Richard,
_d1949-
_eauthor
245 1 4 _aThe killing sea :
_ba novel about the tsunami that stunned the world /
_cRichard Lewis.
250 _a1st Simon Pulse ed.
260 _aNew York :
_bSimon Pulse,
_c2008.
300 _a225, [5] p. :
_bmaps ;
_c18 cm.
520 _aIn the aftermath of the 2004 tsunami in Sumatra, two teenagers, American Sarah and Acehnese Ruslan, meet and continue together their arduous climb inland, where Ruslan hopes to find his father and Sarah seeks a doctor for her brother. Includes maps and author's note about the tsunami on which the story is based.
650 1 _aSurvival
_vFiction.
650 1 _aIndian Ocean Tsunami, 2004
_vFiction.
650 1 _aTsunamis
_vFiction.
650 1 _aBrothers and sisters
_vFiction.
650 1 _aAmericans
_zIndonesia
_vFiction.
651 1 _aSumatra (Indonesia)
_vFiction.
651 1 _aIndonesia
_vFiction.
906 _a7
_bcbc
_corignew
_d2
_encip
_f20
_gy-gencatlg
942 _2ddc
_cFIC